000 00447nam a22001697a 4500
003 OSt
005 20221014150450.0
008 221012b |||||||| |||| 00| 0 eng d
040 _cBiblioteca Lado V
082 _a708
_bAR662n
100 _9188
_aAranda Marquez, Carlos
_dcurador
245 _aLos Novisimos/
260 _bUNAM
_c2001
300 _a62p.
_c14x20cm
490 _vvolumen I
942 _2ddc
_c1
_h708
_iAR662n
_n0
999 _c2322
_d2322